W jakim języku jest ta nazwa państwa? - Statystyki

Ogólne statystyki
  • Ten quiz został rozwiązany 33 razy
  • Średni wynik to 4 z 5
Statystyki odpowiedzi
Hint Odpowiedź % Poprawnych
Türkiye turecki
100%
Côte d'Ivoire francuski
94%
El Salvador hiszpański
94%
Cabo Verde portugalski
78%
Timor-Leste portugalski
56%
Nie znaleziono quizów pasujących do podanych kryteriów
Rozkład punktacji
Procent ludzi z każdym wynikiem
Percentyl według liczby udzielonych odpowiedzi
Twoja historia wyników
Nie rozwiązałeś tego quizu